Historische chronica, oder beschreibung der fürnehmsten (Record no. 8235)

MARC details
000 -CABECERA
campo de control de longitud fija 01163nam a2200325 a 4500
001 - NÚMERO DE CONTROL
campo de control BRCA_8572
005 - FECHA Y HORA DE LA ÚLTIMA TRANSACCIÓN
campo de control 20190320210332.0
008 - DATOS DE LONGITUD FIJA--INFORMACIÓN GENERAL
campo de control de longitud fija 190816s1657----gw-a######---#000-0#ger-#
041 ## - CÓDIGO DE LENGUA
Código de lengua del texto/banda sonora o título independiente ger
044 ## - CÓDIGO DEL PAÍS DE LA ENTIDAD EDITORA/PRODUCTORA
Código MARC del país gw
050 #4 - SIGNATURA TOPOGRÁFICA DE LA BIBLIOTECA DEL CONGRESO
Número de clasificación D12027
Número de documento/Ítem .L83
-- 1657
100 1# - ENTRADA PRINCIPAL--NOMBRE DE PERSONA
Nombre de persona Gottfridi, Jo. Ludovici
9 (RLIN) 21466
245 10 - MENCIÓN DE TÍTULO
Título Historische chronica, oder beschreibung der fürnehmsten
Mención de responsabilidad, etc. Jo. Ludovici Gottfridi.
260 ## - PUBLICACIÓN, DISTRIBUCIÓN, ETC.
Lugar de publicación, distribución, etc. Frankfurt
Nombre del editor, distribuidor, etc. Wolfgang hoffmanns buchdruckerey
Fecha de publicación, distribución, etc. 1657
300 ## - DESCRIPCIÓN FÍSICA
Extensión 1185 p.
Otras características físicas il.
Dimensiones 33 cm
500 ## - NOTA GENERAL
Nota general Fondo antiguo
500 ## - NOTA GENERAL
Nota general Se encuentra en Caja Fuerte
500 ## - NOTA GENERAL
Nota general W-50
500 ## - NOTA GENERAL
Nota general Con Ex-libris de: Franz Mayer
500 ## - NOTA GENERAL
Nota general Mapa en la página 1
500 ## - NOTA GENERAL
Nota general Grabado en anteportada, portada impresa a dos tintas negro y rojo
500 ## - NOTA GENERAL
Nota general Incluye índice alfabético
500 ## - NOTA GENERAL
Nota general Estado físico: páginas 3,19 y 51 presentan roturas
500 ## - NOTA GENERAL
Nota general Texto impreso a dos columnas
500 ## - NOTA GENERAL
Nota general Nota de encuadernación: en piel pergamino con tapas de cartón
506 0# - NOTA DE RESTRICCIONES AL ACCESO
Limitaciones de acceso Fondo reservado: para su consulta es necesario credencial de usuario y carta de motivos
650 14 - PUNTO DE ACCESO ADICIONAL DE MATERIA--TÉRMINO DE MATERIA
Término de materia o nombre geográfico como elemento de entrada Historia general
9 (RLIN) 21467
902 ## - CATALOGADOR
Iniciales LAR
942 ## - ELEMENTOS DE PUNTO DE ACCESO ADICIONAL (KOHA)
Fuente del sistema de clasificación o colocación Library of Congress Classification
Tipo de ítem Koha Libros
Holdings
Estado de retiro Estado de pérdida Estado dañado No para préstamo Localización permanente Ubicación/localización actual Fecha de adquisición Número de inventario Total de préstamos Signatura topográfica completa Código de barras Fecha visto por última vez Precio válido a partir de Tipo de ítem Koha
Activo (en colección)       Biblioteca del Museo Franz Mayer (Rogerio Casas-Alatriste) Biblioteca del Museo Franz Mayer (Rogerio Casas-Alatriste) 19/08/2016 W-50   D12027 .L83 1657 (W-50) LAR00076 22/03/2019 22/03/2019 Libros